Missing Word: Flowery Actresses Quiz Stats

 Plays Quiz not verified by Sporcle

Score 0/16 Timer 03:00
0 Plays Today
Hint Answer % Correct
Rose ByrneFirst
87%
Lily TomlinBeverly
86.3%
Rose ByrneWeeks
84.2%
Rose McGowanBlack
84.2%
Lily TomlinNine
83.6%
Rose McGowanBarbarian
83.6%
Rose ByrneYou
82.9%
Rose McGowanDead
79.5%
Hint Answer % Correct
Lily ColeHuntsman
76.7%
Rose McGowanTell
74%
Lily TomlinShrinking
58.2%
Lily ColeImaginarium
55.5%
Lily TomlinTea
51.4%
Lily ColeThere
48.6%
Rose ByrneCastle
26%
Lily ColeTrinian's
8.9%

You're not logged in!

Compare scores with friends on all Sporcle quizzes.
OR
Log In

Sporcle TV

Today on Sporcle TV


Watch our educational content, quiz creation guides, and fun videos on Sporcle TV.

Show Comments

Extras

Top Quizzes Today


Score Distribution

Your Account Isn't Verified!

In order to create a playlist on Sporcle, you need to verify the email address you used during registration. Go to your Sporcle Settings to finish the process.

Report this User

Report this user for behavior that violates our Community Guidelines.

Details: